| 000 | 00609nam a2200217Ia 4500 | ||
|---|---|---|---|
| 003 | OSt | ||
| 005 | 20250208114419.0 | ||
| 008 | 210210b2011 xxu||||| |||| 00| 0 eng d | ||
| 020 | _a9788178440903 | ||
| 040 | _cAL | ||
| 041 | _ahin | ||
| 082 | _aH891.072 AROS | ||
| 100 |
_aARORA (Harish) _9198552 |
||
| 110 |
_bअरोरा (हरीश) _9198553 |
||
| 245 |
_aShodh: pravidhi aur prakriya: _bशोध:प्राविधि और प्रक्रिया |
||
| 260 |
_aNayi Dilli _b- _c2011 |
||
| 300 | _a160 | ||
| 690 |
_aHindi Literature _9198554 |
||
| 906 | _a068758 | ||
| 942 |
_2ddc _cBK |
||
| 999 |
_c152989 _d152989 |
||